Sports Quiz

Random Sports or Football Quiz

European Football Clubs Quiz Stats

Quiz not verified by Sporcle

Challenge
Share
Tweet
Embed
Score 0/98 Timer 15:00
0 Plays Today
League Club % Correct
La LigaReal Madrid
92.4%
La Liga Barcelona
90.8%
English Premier LeagueManchester United
87.4%
English Premier LeagueArsenal
85.7%
English Premier LeagueChelsea
85.7%
English Premier LeagueManchester City
83.2%
English Premier LeagueLiverpool
79%
Serie AAC Milan
77.3%
La LigaAtletico Madrid
75.6%
English Premier LeagueEverton
75.6%
La LigaValencia
74.8%
German BundesligaBayern Munich
74.8%
English Premier LeagueTottenham
73.1%
Serie AInternazionale
72.3%
English Premier LeagueAston Villa
71.4%
La LigaSevilla
69.7%
English Premier LeagueFulham
68.1%
Serie AJuventus
65.5%
Serie AAS Roma
64.7%
English Premier LeagueWest Ham
63.9%
English Premier LeagueSunderland
63%
English Premier LeagueBirmingham
63%
English Premier LeagueBlackburn
61.3%
English Premier LeagueBolton
61.3%
Serie ALazio
61.3%
Ligue 1Olympique Lyonnais
59.7%
English Premier LeaguePortsmouth
56.3%
English Premier LeagueStoke City
56.3%
La LigaAthletic Bilbao
55.5%
English Premier LeagueHull City
55.5%
German BundesligaHamburg
55.5%
La LigaVillareal
54.6%
English Premier LeagueBurnley
53.8%
League Club % Correct
English Premier LeagueWolves
53.8%
German BundesligaBorussia Dortmund
52.1%
German BundesligaBayer Leverkusen
50.4%
German BundesligaWerder Bremen
49.6%
Serie AFiorentina
48.7%
German BundesligaWolfsburg
48.7%
La LigaEspanyol
47.9%
German BundesligaSchalke 04
47.9%
Serie ANapoli
46.2%
Ligue 1Olympique de Marseille
46.2%
La LigaMallorca
44.5%
English Premier LeagueWigan Athletic
44.5%
La LigaMalaga
43.7%
German BundesligaStuttgart
41.2%
Ligue 1Paris Saint-Germain
41.2%
La LigaDeportivo la Coruna
39.5%
Serie ASampdoria
39.5%
Serie APalermo
39.5%
Serie AParma
39.5%
La LigaGetafe
38.7%
Serie AGenoa
37.8%
La LigaReal Zaragoza
37%
German BundesligaHertha Berlin
36.1%
Ligue 1Girondins de Bordeaux
33.6%
La LigaOsasuna
31.9%
Serie ACagliari
31.9%
Serie AUdinese
31.9%
Serie ABari
31.1%
Serie ABologna
30.3%
Serie AAtalanta
30.3%
German BundesligaEintracht Frankfurt
29.4%
German BundesligaHoffenheim
29.4%
La LigaSporting Gijon
28.6%
League Club % Correct
La LigaRacing Santander
28.6%
German BundesligaBorussia Monchengladbach
26.9%
La LigaXerez
24.4%
La LigaTenerife
24.4%
Serie ACatania
23.5%
German BundesligaHannover 96
23.5%
Ligue 1Nice
22.7%
Serie AChievo Verona
19.3%
Serie ALivorno
19.3%
La LigaAlmeria
17.6%
German BundesligaMainz
17.6%
Ligue 1AJ Auxerre
17.6%
Ligue 1Lens
17.6%
German BundesligaFreiburg
16%
German BundesligaFC Cologne
14.3%
German BundesligaBochum
10.9%
Ligue 1Saint-Etienne
10.9%
German BundesligaNurnburg
8.4%
Serie ASienna
7.6%
Ligue 1Grenoble Foot 38
5.9%
Ligue 1FC Lorient
5%
La LigaReal Valladoid
4.2%
Ligue 1Boulogne Cote d'Opale
3.4%
Ligue 1Toulouse FC
2.5%
Ligue 1Sochaux-Montbeliard
2.5%
Ligue 1LOSC Lille Metropole
1.7%
Ligue 1Monaco FC
1.7%
Ligue 1Valenciennes FC
1.7%
Ligue 1Stade Rennais FC
0.8%
Ligue 1Montpellier Herault
0%
Ligue 1Nancy Lorraine
0%
Ligue 1Le Mans UC 72
0%

You're not logged in!

Compare scores with friends on all Sporcle quizzes.
Sign Up with Email
OR
Log In

You Might Also Like...

Show Comments

Extras

Top Quizzes Today


Score Distribution

Your Account Isn't Verified!

In order to create a playlist on Sporcle, you need to verify the email address you used during registration. Go to your Sporcle Settings to finish the process.